000 01226nam2a2200265 4500
001 rc\2948360
005 20110829165819.4
035 _a(NLR Aleph) 007096226
090 _a13601250
_c13601250
100 _a20110829d1937 |||y0rusy50 ca
101 0 _arus
102 _aRU
105 _aae z |||||
200 1 _aТиповой проект гаража на 50 машин ГАЗ-А. А
_fАвторы проекта: Хейфец И.С., Загряжский А.А., Крамаренко Г.В.
210 _d1937
215 _aПапка, 7 отд. л. черт., схем., план., 62 с. отд. сброшюр., прил. "Пояснит. записка"
_cчерт., схем., план.
461 0 _1001rc\2948355
_12001#$aПроекты непромышленного строительства ...$fРазработаны Науч.-исслед. сектором Моск. автомобильно-дор. ин-та им. т. Молотова (МАДИ)$v№ 5/36
700 1 _aХейфец
_bИ. С.
701 1 _aЗагряжский
_bА. А.
701 1 _aКрамаренко
_bГ. В.
801 0 _aRU
_bNLR
_gpsbo
801 1 _aRU
_bELAR
_2rusmarc
852 _aNLR
_j37-20/15(5)
942 _cBOOK
980 _aNB